100 najludniejszych miast Europy od najludniejszego do najmniej - Statystyki

Ogólne statystyki
  • Ten quiz został rozwiązany 27 razy
  • Średni wynik to 56 z 100
Statystyki odpowiedzi
Państwo Miasto Liczba ludności % Poprawnych
Niemcy Berlin 3,644,826
100%
Węgry Budapeszt 1,752,286
100%
Rumunia Bukareszt 1,883,425
100%
Ukraina Kijów 2,950,819
100%
Hiszpania Madryt 3,266,126
100%
Białoruś Mińsk 2,020,600
100%
Rosja Moskwa 12,432,531
100%
Francja Paryż 2,187,526
100%
Włochy Rzym 2,856,133
100%
Polska Warszawa 1,777,972
100%
Austria Wiedeń 1,911,728
100%
Hiszpania Barcelona 1,636,762
96%
Dania Kopenhaga 1,330,993
96%
Wielka Brytania Londyn 8,992,166
96%
Włochy Mediolan 1,378,689
96%
Czechy Praga 1,324,277
96%
Rosja Sankt Petersburg 5,383,890
96%
Turcja Stambuł 9,874,000
96%
Szwecja Sztokholm 1,758,893
96%
Ukraina Charków 1,446,107
92%
Niemcy Hamburg 1,841,179
92%
Niemcy Monachium 1,471,508
92%
Holandia Amsterdam 1,114,745
88%
Serbia Belgrad 1,166,763
88%
Bułgaria Sofia 1,242,568
88%
Polska Kraków 771,069
85%
Włochy Neapol 959,188
85%
Wielka Brytania Birmingham 1,159,114
77%
Francja Marsylia 863,310
77%
Polska Łódź 685,285
73%
Ukraina Odessa 1,013,159
73%
Grecja Ateny 664,046
69%
Finlandia Helsinki 653,835
69%
Norwegia Oslo 693,494
69%
Łotwa Ryga 632,614
69%
Polska Wrocław 640,648
69%
Chorwacja Zagrzeb 688,163
69%
Irlandia Dublin 553,165
65%
Niemcy Frankfurt 753,056
65%
Niemcy Kolonia 1,085,664
65%
Portugalia Lizbona 552,700
65%
Holandia Rotterdam 829,875
65%
Włochy Turyn 875,698
65%
Hiszpania Walencja 794,288
65%
Litwa Wilno 551,020
65%
Wielka Brytania Glasgow 623,260
62%
Holandia Haga 803,835
62%
Mołdawia Kiszyniów 532,513
62%
Szwecja Goteborg 651,014
58%
Polska Poznań 536,438
58%
Macedonia Północna Skopje 509,900
58%
Ukraina Dniepr 998,103
54%
Ukraina Donieck 913,323
54%
Rosja Kazań 1,251,969
54%
Hiszpania Sewilla 688,592
54%
Ukraina Lwów 724,713
50%
Rosja Niżny Nowogród 1,253,511
50%
Włochy Palermo 663,401
50%
Rosja Samara 1,156,608
50%
Belgia Antwerpia 525,935
46%
Wielka Brytania Liverpool 583,132
46%
Francja Lyon 516,092
46%
Wielka Brytania Manchester 557,344
42%
Niemcy Stuttgart 634,830
42%
Niemcy Dusseldorf 619,294
38%
Niemcy Lipsk 587,857
38%
Hiszpania Saragossa 674,997
38%
Rosja Wołgograd 1,013,468
38%
Ukraina Zaporoże 738,728
38%
Niemcy Dortmund 587,010
35%
Niemcy Drezno 554,649
35%
Włochy Genua 578,000
35%
Hiszpania Málaga 574,654
35%
Rosja Rostów nad Donem 1,133,307
35%
Rosja Woroneż 1,054,111
35%
Niemcy Brema 569,352
31%
Białoruś Homel 510,300
31%
Rosja Perm 1,053,934
31%
Wielka Brytania Leeds 507,720
27%
Niemcy Hanower 538,068
23%
Rosja Krasnodar 918,145
23%
Niemcy Norymberga 518,365
23%
Rosja Saratów 841,902
23%
Rosja Ufa 1,124,226
23%
Niemcy Essen 583,109
19%
Ukraina Krzywy Róg 624,579
19%
Wielka Brytania Sheffield 549,362
19%
Wielka Brytania Bristol 576,813
15%
Rosja Astrachań 534,241
12%
Rosja Iżewsk 648,944
12%
Rosja Jarosław 609,828
8%
Rosja Lipieck 509,420
8%
Rosja Riazan 539,789
8%
Rosja Uljanowsk 627,870
8%
Rosja Kirow 512,954
4%
Rosja Machaczkała 601,286
4%
Rosja Orenburg 565,341
4%
Rosja Penza 522,317
4%
Rosja Toljatti 702,831
4%
Rosja Nabierieżnyje Czełny 533,907
0%
Nie znaleziono quizów pasujących do podanych kryteriów
Rozkład punktacji
Procent ludzi z każdym wynikiem
Percentyl według liczby udzielonych odpowiedzi
Twoja historia wyników
Nie rozwiązałeś tego quizu